Sports Quiz

Random Sports or NHL Quiz
Score 0/25 Timer 05:00
1 Play Today
Question Answer Wrong Answers
Cleveland vs. Green Bay NFL
92%
MLB
0.9%
NBA
0.8%
NHL
0.5%
Phoenix vs. Utah NBA
91.1%
NFL
1.1%
MLB
1%
NHL
1%
Boston vs. Vancouver NHL
89.7%
NFL
1%
MLB
1.5%
NBA
1.7%
Buffalo vs. Miami NFL
89.4%
MLB
1.3%
NBA
1.1%
NHL
2.5%
Chicago vs. Chicago MLB
88.8%
NFL
2.2%
NBA
1.4%
NHL
1.7%
Houston vs. Sacramento NBA
88.8%
NFL
1.3%
MLB
1.9%
NHL
2.1%
Atlanta vs. Brooklyn NBA
88.1%
NFL
1.2%
MLB
3.6%
NHL
1.4%
New York vs. Montreal NHL
87.7%
NFL
1%
MLB
4.8%
NBA
0.6%
Kansas City vs. New Orleans NFL
87.2%
MLB
2.4%
NBA
3.1%
NHL
1.4%
Minnesota vs. Tennessee NFL
87.1%
MLB
2%
NBA
1.9%
NHL
3%
Philadelphia vs. Columbus NHL
87%
NFL
2%
MLB
3.2%
NBA
1.9%
Chicago vs. Charlotte NBA
86.8%
NFL
3.5%
MLB
1.5%
NHL
2.3%
Detroit vs. Indiana NBA
86.7%
NFL
4.1%
MLB
2.4%
NHL
1%
Los Angeles vs. San Jose NHL
86.2%
NFL
1.6%
MLB
4.2%
NBA
2.1%
Kansas City vs. Milwaukee MLB
85.6%
NFL
3.5%
NBA
2.9%
NHL
2%
Atlanta vs. Indianapolis NFL
85.6%
MLB
1.8%
NBA
5.8%
NHL
1%
Pittsburgh vs. New Jersey NHL
85.5%
NFL
3.5%
MLB
2.6%
NBA
2.6%
San Francisco vs. Colorado MLB
84.3%
NFL
4.4%
NBA
1.6%
NHL
3.9%
Washington vs. Nashville NHL
83.8%
NFL
4.5%
MLB
2.7%
NBA
3%
Dallas vs. Milwaukee NBA
83%
NFL
2.4%
MLB
6.3%
NHL
2.6%
Seattle vs. Milwaukee MLB
82.7%
NFL
3.3%
NBA
6.2%
NHL
1.9%
Baltimore vs. Boston MLB
82.5%
NFL
7.4%
NBA
1.8%
NHL
2.4%
New Orleans vs. Toronto NBA
82.3%
NFL
1.5%
MLB
4.1%
NHL
6.2%
Oakland vs. St. Louis MLB
78.4%
NFL
13.2%
NBA
0.9%
NHL
1.7%
Cincinnati vs. San Diego MLB
71.5%
NFL
20.7%
NBA
1%
NHL
1.2%
Remove Ads.
Support Sporcle.
Get the best of Sporcle when you Go Orange. This ad-free experience offers more features, more stats, and more fun while also helping to support Sporcle. Thank you for becoming a member.

You're not logged in!

Compare scores with friends on all Sporcle quizzes.
OR
Log In

Show Comments

Extras

Top Quizzes Today


Score Distribution

Your Account Isn't Verified!

In order to create a playlist on Sporcle, you need to verify the email address you used during registration. Go to your Sporcle Settings to finish the process.

Report this User

Report this user for behavior that violates our Community Guidelines.

Details: